000 01133nam a22002657a 4500
001 BD-DhSAU 9278
003 BD-DhSAU
005 20230116121249.0
008 150613b2018 bg a|||| m||| 00| 0 eng d
040 _aBD-DhSAU
082 _222
_a581.35
_bR211
100 _aRAY, MILON CHANDRO
_eRegistration No. # 19-10246
245 _aGenetic analysis in f5 generation of tomatillo (physalis ixocarpa brot.) /
_bMS thesis
260 _aSher-e-Bangla Agricultural University :
_bDepartment of Genetics and Plant Breeding,
_c2021
300 _axii, 72p. :
_bill. ;
_c30 cm.
500 _aMS thesis of Department of Genetics and Plant Breeding,, Faculty of Agriculture, Sher-e-Bangla Agricultural University, Dhaka, Bangladesh
504 _aIncludes bibliographical reference.
590 _aNazmul
650 _agenetic analysis in f5,
650 _ageneration of tomatillo (physalis ixocarpa brot.)
700 _aProf. Dr. Naheed Zeba
_eSuperviser
700 _aProf. Dr.Md. Sarowar Hossain
_eCo-superviser
856 _uhttp://archive.saulibrary.edu.bd:8080/xmlui/handle/123456789/4718
942 _2ddc
_cTHESIS
999 _c16512
_d16511